banner-ar

HISPANO-ARABIC POETRY / (Record no. 17190)

MARC details
000 -الفاتح
حقل البيانات ثابتة الطول 00492nam a2200205Ia 4500
008 - عناصر البيانات ثابتة الطول - معلومات عامة
حقل البيانات ثابتة الطول 140319s9999 xx 000 0 eng d
040 ## - مصدر الفهرسة
وكالة الفهرسة الأصلية GCL /
وكالة النسخ GCL
082 04 - رقم تصنيف ديوى العشرى
رقم التصنيف 892.734
رقم المادة N H
100 1# - المدخل الرئيسى - إسم شخصى
الإسم الشخصى NYKI A.R.
245 10 - بيان العنوان
العنوان HISPANO-ARABIC POETRY /
بيان المسئوليه,etc NYKI A.R.
260 ## - PUBLICATION, DISTRIBUTION, ETC. (IMPRINT)
تاريخ النشر أو التوزيع 1946
300 ## - الوصف المادى
التعداد 416 P
650 04 - المدخل الاضافى بالموضوع-مصطلح موضوعى
مصطلح موضوعي SPAIN
650 04 - المدخل الاضافى بالموضوع-مصطلح موضوعى
مصطلح موضوعي POETRY
650 04 - المدخل الاضافى بالموضوع-مصطلح موضوعى
مصطلح موضوعي ARABIC POETRY
650 04 - المدخل الاضافى بالموضوع-مصطلح موضوعى
مصطلح موضوعي AL ANDALUS
650 04 - المدخل الاضافى بالموضوع-مصطلح موضوعى
مصطلح موضوعي TROUBADOURS
942 ## - عناصر المدخل الإضافي( كوها)
مصدر التصنيف او مخطط الترفيف Dewey Decimal Classification
Koha [default] item type كتاب
260 ## - PUBLICATION, DISTRIBUTION, ETC. (IMPRINT)
-- [S.N] :
-- J . H .FURST COMPANY ،
Holdings
حالة التراجع حالة الفقد حالة تلف ليس للاعارة المكان المؤقت الموقع الحالى تاريخ الاكتساب اجمالي اﻻعارات رقم الطلب الباركود تاريخ اخر مشاهدة تاريخ تفعيل السعر نوع وعاء كوها
        مكتبة القاهرة الكبرى مكتبة القاهرة الكبرى 03/26/2014   892.734\N H 30991 03/26/2014 03/26/2014 كتاب

Powered By

EGPV